Multi-storey precast concrete framed structures / (Record no. 548964)
[ view plain ]
| 000 -LEADER | |
|---|---|
| fixed length control field | 00610pam a2200169 a 4500 |
| 020 ## - INTERNATIONAL STANDARD BOOK NUMBER | |
| International Standard Book Number | 0632034157 (alk. paper) |
| 082 00 - DEWEY DECIMAL CLASSIFICATION NUMBER | |
| Classification number | 693/.522 |
| Author Mark | ELL |
| -- | L-NUST. P-15 |
| 100 1# - MAIN ENTRY--PERSONAL NAME | |
| Personal name | Elliott, Kim S. |
| 9 (RLIN) | 45441 |
| 245 10 - TITLE STATEMENT | |
| Title | Multi-storey precast concrete framed structures / |
| Statement of responsibility, etc. | Kim S. Elliott. |
| 260 ## - PUBLICATION, DISTRIBUTION, ETC. | |
| Place of publication, distribution, etc. | Oxford [England] ; |
| -- | Cambridge, MA, USA : |
| Name of publisher, distributor, etc. | Blackwell Science, |
| Date of publication, distribution, etc. | 1996. |
| 300 ## - PHYSICAL DESCRIPTION | |
| Extent | xxi, 601 p. : |
| Other physical details | ill. ; |
| Dimensions | 25 cm. |
| 526 ## - STUDY PROGRAM INFORMATION NOTE | |
| Program name | 0 |
| Interest level | 0 |
| Reading level | 0 |
| Title point value | 693_522000000000000_ELL |
| 650 #0 - SUBJECT ADDED ENTRY--TOPICAL TERM | |
| Topical term or geographic name entry element | NUST |
| 9 (RLIN) | 6342 |
| 650 #0 - SUBJECT ADDED ENTRY--TOPICAL TERM | |
| Topical term or geographic name entry element | Precast concrete construction. |
| 9 (RLIN) | 21295 |
| 650 #0 - SUBJECT ADDED ENTRY--TOPICAL TERM | |
| Topical term or geographic name entry element | Tall buildings |
| General subdivision | Design and construction. |
| 9 (RLIN) | 1049 |
| 942 ## - ADDED ENTRY ELEMENTS (KOHA) | |
| Source of classification or shelving scheme | |
| Koha item type | Book |
| Withdrawn status | Lost status | Source of classification or shelving scheme | Damaged status | Not for loan | Permanent Location | Current Location | Date acquired | Total Checkouts | Full call number | Barcode | Date last seen | Price effective from | Koha item type |
|---|---|---|---|---|---|---|---|---|---|---|---|---|---|
| Military College of Engineering (MCE) | Military College of Engineering (MCE) | 09/11/2014 | 693/.522 ELL | MCE-43877 | 09/11/2014 | 09/11/2014 | Book |
